| 000 | 00974cam a22003137a 4500 | ||
|---|---|---|---|
| 003 | CHAP | ||
| 005 | 20220817043647.0 | ||
| 008 | 000425d1993 it rn 00010 fre d | ||
| 010 | _a80917 | ||
| 011 | _a81889 | ||
| 020 | _a9252033300 | ||
| 035 | _a92371 | ||
| 040 | _cCHAP | ||
| 082 | 1 | 0 |
_a639.2 _bF46f v.485 |
| 110 | 2 | _aFAO | |
| 245 | 1 | 0 |
_aRapport de la consultation d'experts sur le marquage des engins de pech : _brecommandations concernant le marquage des engins de peche _c/par FAO |
| 260 |
_aRome : _bFAO, _c1993 |
||
| 300 |
_a48 p. : _bilus. |
||
| 410 | _aFAO | ||
| 500 | _aLa biblioteca tiene: suplemento | ||
| 590 |
_aBATCH-UPD _b10 _c20130110 _lUCH01 _h1906 |
||
| 590 |
_aCONVERSION _b10 _c20130109 _lUCH01 _h1345 |
||
| 650 | 1 | 4 |
_aPesca _xImplementos y maquinaria. _987387 |
| 810 | 0 | _aFAO | |
| 901 | _aBK | ||
| 905 | _aPatricia Mendoza P. | ||
| 942 | _cLIBRO | ||
| 949 |
_a639.2 F46f v.485 supl. _bBC _cFAO _d33724000770988 _eFAO1 _gDonaciØn _h86422 _i92371 _sb |
||
| 999 |
_c80917 _d80917 |
||